Thực hành JavaScript (cho Web)

Nội dung sách giới thiệu làm quen với JavaScript, dữ liệu và quyết định, hàm và thiết kế mã, tương tác với trình duyệt, cửa sổ và khung. DHTML cho IE4 và NN4, các kỹ thuật tiên tiến với biến mẫu, truyền thông tin giữa các trang web và kho ch...

Celý popis

Uloženo v:
Podrobná bibliografie
Hlavní autor: Nguyễn, Trường Sinh
Médium: Kniha
Jazyk:Undetermined
Vydáno: Hà Nội Thống Kê 2003
Témata:
Tagy: Přidat tag
Žádné tagy, Buďte první, kdo otaguje tento záznam!
Thư viện lưu trữ: Trung tâm Học liệu Trường Đại học Cần Thơ
LEADER 01072nam a2200205Ia 4500
001 CTU_130764
008 210402s9999 xx 000 0 und d
020 |c 36000 
082 |a 005.72 
082 |b S312 
100 |a Nguyễn, Trường Sinh 
245 0 |a Thực hành JavaScript (cho Web) 
245 0 |c Nguyễn Trường Sinh (chủ biên), Lê Minh Hoàng, Hoàng Đức Hải 
260 |a Hà Nội 
260 |b Thống Kê 
260 |c 2003 
520 |a Nội dung sách giới thiệu làm quen với JavaScript, dữ liệu và quyết định, hàm và thiết kế mã, tương tác với trình duyệt, cửa sổ và khung. DHTML cho IE4 và NN4, các kỹ thuật tiên tiến với biến mẫu, truyền thông tin giữa các trang web và kho chứa dữ liệu... 
650 |a JavaScript (chương trình ngôn ngữ máy tính),JavaScript (Computer program language) 
904 |i Minh 
980 |a Trung tâm Học liệu Trường Đại học Cần Thơ